000 00702nam a22002297a 4500
003 KOHA_MİRAKIL
005 20260428080855.0
008 260421b tu ||||| |||| 00| 0 tur d
020 _a9786051911915
040 _aTR-AnABB
_btur
_cTR-AnABB
041 _atur
082 _a320.956 1
_bDIN 2025
100 1 _aDinçer, Güven
245 1 0 _aÜlke yazıları /
_cGüven Dinçer
250 _aGenişletilmiş 2. baskı
260 _aAnkara :
_bAlter yayıncılık ,
_c2025
300 _a383 sayfa ;
_c20 cm
500 _aYazar tarafından Prof. Dr. Ruşen Keleş için imzalanmıştır.
650 0 4 _aSiyasi tarih, Türkiye
900 _bCan ÇELIK
942 _2ddc
_cBK
999 _c10313
_d10313